Geography Quiz

Random Geography or City Quiz

Islands By Largest City Quiz Stats

 Plays Quiz Updated May 10, 2017

Challenge
Share
Tweet
Embed
Score 0/51 Timer 10:00
2 Plays Today
City Island % Correct
HavanaCuba
87%
DublinIreland
85.4%
KingstonJamaica
78.6%
ReykjavikIceland
77.5%
LondonGreat Britain
72.8%
TaipeiTaiwan
69.3%
PalermoSicily
59.8%
ColomboSri Lanka
59.5%
AucklandNorth Island
58.9%
NicosiaCyprus
57.9%
San JuanPuerto Rico
57.8%
AntananarivoMadagascar
55.2%
HonoluluOahu
53.8%
ChristchurchSouth Island
53.2%
JakartaJava
50.5%
HobartTasmania
47.9%
TokyoHonshu
47.3%
BridgetownBarbados
43.5%
ChaguanasTrinidad
41.4%
Santo DomingoHispaniola
39.9%
HiloHawaii
39%
CagliariSardinia
38.2%
St. John'sNewfoundland or Antigua
37.5%
Port MoresbyNew Guinea
37%
NuukGreenland
35.2%
SapporoHokkaido
35.2%
City Island % Correct
Heraklion (Candia)Crete
33.6%
PalmaMajorca
33.5%
AjaccioCorsica
32.5%
CastriesSt. Lucia
31.9%
BasseterreSaint Kitts
30%
RoseauDominica
29%
Port LouisMauritius
26.8%
St. George'sGrenada
26.5%
KingstownSaint Vincent
25.8%
VictoriaVancouver or Mahé
25.7%
Quezon CityLuzon
25.7%
IqaluitBaffin
25.6%
CharlottetownPrince Edward Island
22.7%
CopenhagenZealand or Amager
22.5%
FukuokaKyushu
21.5%
Yuzhno-SakhalinskSakhalin
21.4%
HamiltonBermuda
21.2%
DouglasIsle of Man
21%
Davao CityMindanao
16.4%
BirkirkaraMalta
14.9%
MatsuyamaShikoku
14.1%
MedanSumatra
13%
KuchingBorneo
10.1%
SuvaViti Levu
7.9%
MoroniNgazidja
6.6%

You're not logged in!

Compare scores with friends on all Sporcle quizzes.
Join for Free
OR
Log In

You Might Also Like...

Show Comments

Extras

Top Quizzes Today


Score Distribution

Your Account Isn't Verified!

In order to create a playlist on Sporcle, you need to verify the email address you used during registration. Go to your Sporcle Settings to finish the process.

Report this User

Report this user for behavior that violates our Community Guidelines.

Details: